Pomocná ruka súdom, ale najmä občanom
Prijatím zákona č. 420/2004 Z.z. sa začal budovať systém spoluúčasti strán pri riešení sporov pod vedením mediátora. Riešenie sporov prostredníctvom mediácie má veľmi široké uplatnenie. V čom spočíva mediácia. Osvojovanie mediačných zručností. Informovanie občanov o použiteľnosti mediácie pri sporoc...
Gespeichert in:
| 1. Verfasser: | |
|---|---|
| Format: | Buchkapitel |
| Sprache: | Slowakisch |
| Schlagworte: | |
| Tags: |
Keine Tags, Fügen Sie das erste Tag hinzu!
|
MARC
| LEADER | 00000naa$a2200000$$$4500 | ||
|---|---|---|---|
| 001 | 0075607 | ||
| 005 | 20231016085710.3 | ||
| 041 | 0 | |a slo | |
| 044 | |a SK | ||
| 245 | 1 | 0 | |a Pomocná ruka súdom, ale najmä občanom |c František Kutlík |
| 520 | |a Prijatím zákona č. 420/2004 Z.z. sa začal budovať systém spoluúčasti strán pri riešení sporov pod vedením mediátora. Riešenie sporov prostredníctvom mediácie má veľmi široké uplatnenie. V čom spočíva mediácia. Osvojovanie mediačných zručností. Informovanie občanov o použiteľnosti mediácie pri sporoch, o jej dostupnosti a využití. Načasovanie vstupu do sporu. Mediácia - lacnejší a rýchlejší postup. | ||
| 610 | 2 | 0 | |a mediácia |
| 610 | 2 | 0 | |a občania |
| 610 | 2 | 0 | |a konflikty |
| 100 | 1 | |a Kutlík, František | |